00497 2200193 4500001002100000005001500021008004100036020001800077035002500095041000800120082001000128090001000138100002100148245004200169250001600211260002900227300002900256650001800285INLIS00000000001437320130516012438 ind  a979-99064-7-4 a0010-051300000014373 aind a303.3 a303.3 aEka, Darmaputera aKepemimpinan dalam Perspektif Alkitab aCetakan : 1 aYpgyakartabKairosc2005 a152 hlm. : ilus. ;21 cm. aProses Sosial